| 000 | 00474nam a22001817a 4500 | ||
|---|---|---|---|
| 003 | CEME | ||
| 005 | 20210628203216.0 | ||
| 008 | 210301b xxu||||| |||| 00| 0 eng d | ||
| 020 | _a0-471-82840-8 | ||
| 040 | _c. | ||
| 082 | _a546.076 LON | ||
| 100 |
_aLong, G.Gilbert, Hentz, Forrest C _963991 |
||
| 245 | _aProblem exercises for general chemistry | ||
| 260 |
_aNEW YORK _bJOHN WILEY _c1986 |
||
| 300 | _a448P | ||
| 650 |
_aCHEMISTRY PROBLEM _963992 |
||
| 942 |
_cBK _2ddc |
||
| 999 |
_c572652 _d572652 |
||